|
|
|
|
| LEADER |
01637nam a2200457Ia 4500 |
| 001 |
EBC169803 |
| 003 |
MiAaPQ |
| 005 |
20200520144314.0 |
| 006 |
m o d | |
| 007 |
cr cn||||||||| |
| 008 |
980602s1999 enkab sb 001 0 eng d |
| 010 |
|
|
|z 98028666
|
| 015 |
|
|
|a GB99-22766
|
| 020 |
|
|
|z 0203011007
|
| 020 |
|
|
|z 0415154944 (pbk. : alk. paper)
|
| 020 |
|
|
|z 0415154952 (alk. paper)
|
| 035 |
|
|
|a (MiAaPQ)EBC169803
|
| 035 |
|
|
|a (Au-PeEL)EBL169803
|
| 035 |
|
|
|a (CaPaEBR)ebr10054822
|
| 035 |
|
|
|a (CaONFJC)MIL19565
|
| 035 |
|
|
|a (OCoLC)277692352
|
| 040 |
|
|
|a MiAaPQ
|c MiAaPQ
|d MiAaPQ
|
| 050 |
|
4 |
|a HQ1240
|b .G4545 1999
|
| 245 |
0 |
0 |
|a Gender, planning, and human rights
|h [electronic resource] /
|c edited by Tovi Fenster.
|
| 260 |
|
|
|a London ;
|a New York :
|b Routledge,
|c 1999.
|
| 300 |
|
|
|a ix, 182 p. :
|b ill., maps.
|
| 490 |
1 |
|
|a International studies of women and place
|
| 504 |
|
|
|a Includes bibliographical references and index.
|
| 533 |
|
|
|a Electronic reproduction. Ann Arbor, MI : ProQuest, 2015. Available via World Wide Web. Access may be limited to ProQuest affiliated libraries.
|
| 650 |
|
0 |
|a Women in development.
|
| 650 |
|
0 |
|a Women
|x Social conditions.
|
| 650 |
|
0 |
|a Women
|x Economic conditions.
|
| 650 |
|
0 |
|a Women's rights.
|
| 650 |
|
0 |
|a Human rights.
|
| 650 |
|
0 |
|a Social planning.
|
| 650 |
|
0 |
|a Economic development
|x Social aspects.
|
| 655 |
|
4 |
|a Electronic books.
|
| 700 |
1 |
|
|a Fenster, Tovi.
|
| 710 |
2 |
|
|a ProQuest (Firm)
|
| 830 |
|
0 |
|a International studies of women and place.
|
| 856 |
4 |
0 |
|u https://ebookcentral.proquest.com/lib/matrademy/detail.action?docID=169803
|z Click to View
|